Most Popular Songs of All Time Worldwide (Updated 2025) - Statistics

General Stats
  • This quiz has been taken 1,272 times
    1,266 since last reset
  • The average score is 26 of 100
Answer Stats
Artist (Version) Answer % Correct
11. Pharrell Williams Happy
75%
5. Ed Sheeran Shape Of You
67%
7. Kid LAROI, Justin Bieber Stay
65%
2. The Weeknd Blinding Lights
64%
3. Mariah Carey All I Want For Christmas Is You
63%
8. Whitney Houston I Will Always Love You
60%
47. Adele Hello
57%
13. Mark Ronson, Bruno Mars Uptown Funk
57%
22. Billie Eilish Bad Guy
55%
15. Luis Fonsi, Daddy Yankee, Justin Bieber Despacito
55%
39. Carly Rae Jepsen Call Me Maybe
54%
9. Miley Cyrus Flowers
52%
21. Lil Nas X, Billy Ray Cyrus Old Town Road
50%
34. Village People Y.M.C.A.
50%
4. Harry Styles As It Was
49%
6. Tones And I Dance Monkey
49%
24. Wham! Last Christmas
49%
20. Celine Dion My Heart Will Go On
49%
1. Elton John {Candle In The Wind} 1997
47%
81. Queen Bohemian Rhapsody
46%
18. Beatles Hey Jude
46%
50. Sabrina Carpenter Espresso
44%
69. Michael Jackson Billie Jean
42%
31. Adele Rolling In The Deep
42%
46. Bee Gees Stayin' Alive
42%
41. Avicii Wake Me Up
40%
19. Ed Sheeran Perfect
39%
26. Robin Thicke, T.I., Pharell Williams Blurred Lines
38%
25. Coolio, L.V. Gangsta's Paradise
38%
66. Camila Cabello, Young Thug Havana
36%
40. Gotye, Kimbra Somebody That I Used To Know
36%
71. Spice Girls Wannabe
36%
12. USA For Africa We Are The World
36%
29. Shawn Mendes, Camila Cabello Señorita
35%
17. Los Del Rio Macarena
32%
36. Glass Animals Heat Waves
31%
35. Pink Floyd Another Brick In The Wall (Part II)
30%
78. Survivor Eye Of The Tiger
30%
93. Lady GaGa Poker Face
28%
63. Cher Believe
27%
23. Black Eyed Peas I Gotta Feeling
27%
30. John Travolta, Olivia Newton-John You're The One That I Want
27%
85. Shakira, Wyclef Jean Hips Don't Lie
26%
48. Dua Lipa Levitating
26%
28. Lewis Capaldi Someone You Loved
26%
99. Coldplay Viva La Vida
26%
44. Benson Boone Beautiful Things
25%
70. Culture Club Karma Chameleon
24%
97. Adele Someone Like You
24%
86. Daft Punk, Pharell Williams Get Lucky
23%
60. Maroon 5, Christina Aguilera Moves Like Jagger
23%
80. Sinead O'Connor Nothing Compares 2 U
22%
74. Ace Of Base The Sign
22%
27. Taylor Swift Cruel Summer
21%
53. LMFAO, Lauren Bennett, GoonRock Party Rock Anthem
21%
94. Ed Sheeran Thinking Out Loud
21%
72. BTS Dynamite
19%
10. Bryan Adams (Everything I Do) I Do It For You
18%
83. Maroon 5, Cardi B Girls Like You
18%
79. Paul McCartney, Stevie Wonder Ebony And Ivory
17%
16. The Weeknd Save Your Tears
16%
91. Blondie Heart Of Glass
15%
33. Puff Daddy, Faith Evans, 112 I'll Be Missing You
15%
54. Timbaland, OneRepublic Apologize
14%
68. Leona Lewis Bleeding Love
14%
90. Elton John, Dua Lipa (PNAU Remix) Cold Heart
14%
32. Irene Cara Flashdance...What A Feeling
13%
52. Mungo Jerry In The Summertime
13%
42. George Harrison My Sweet Lord
13%
95. Billie Eilish Birds Of A Feather
12%
84. Meat Loaf I'd Do Anything For Love (But I Won't Do That)
12%
43. Ed Sheeran Bad Habits
11%
64. Kim Carnes Bette Davis Eyes
11%
57. Dua Lipa Don't Start Now
11%
58. Toni Braxton Un-Break My Heart
11%
87. Justin Timberlake Can't Stop The Feeling
10%
98. R. Kelly I Believe I Can Fly
10%
37. Stevie Wonder I Just Called To Say I Love You
10%
82. Ed Sheeran, Justin Bieber I Don't Care
9%
100. Chic Le Freak
9%
75. UB 40 (I Can't Help) Falling In Love With You
8%
14. Beatles I Want To Hold Your Hand
8%
89. The Archies Sugar Sugar
8%
65. Bon Jovi Always
7%
62. Rema Calm Down
7%
92. Bee Gees Night Fever
7%
88. Michael Jackson Black Or White
6%
67. Culture Club Do You Really Want To Hurt Me
6%
96. Boyz II Men End Of The Road
6%
38. Snap Rhythm Is A Dancer
6%
59. Boney M. Rivers Of Babylon
6%
49. Doris Day Whatever Will Be, Will Be (Que Sera, Sera)
6%
61. Terry Jack Seasons In The Sun
5%
56. All-4-One I Swear
4%
76. Scott McKenzie San Francisco (Be Sure To Wear Flowers)
4%
73. Mary Hopkin Those Were The Days
4%
45. Barbra Streisand Woman In Love
4%
55. Frank Sinatra Strangers In The Night
3%
77. George McCrae Rock Your Baby
2%
51. Elvis Presley It's Now Or Never
1%
No matching quizzes found
Score Distribution
Percent of People with Each Score
Percentile by Number Answered
Your Score History
You have not taken this quiz since the last reset